[Event "QA-ANNIV-05"]
[Site "http://www.queenalice.com/game.php?id=654294"]
[Date "2009.9.18"]
[Round "2"]
[White "Nica_Pinica"]
[Black "Slazenger"]
[Result "0-1"]
[WhiteElo "1257"]
[BlackElo "1555"]

1. Nc3 d5 2. e4 dxe4 3. Nxe4 Bf5 4. Ng3 Qd7 5. Qh5 g6 6. Qg5 f6 7. Qe3 Bxc2 8.
Bc4 Nc6 9. Qb3 Bxb3 10. Bxb3 O-O-O 11. Nf3 e5 12. O-O Bd6 13. d3 Re8 14. a4 g5
15. Nh5 g4 16. Nh4 e4 17. dxe4 Nd4 18. Bd5 c6 19. Nf5 Nxf5 20. a5 cxd5 21. exf5
Re5 22. Nf4 Rxf5 23. Nd3 g3 24. a6 gxh2+ 25. Kh1 Bg3 26. Nc5 Qb5 27. axb7+ Kb8
28. Nd7+ Qxd7 29. Rxa7 Qb5 30. Ra8+ Kxb7 31. Re1 Kxa8 32. fxg3 Rf1+ 33. Rxf1
Qxf1+ 34. Kxh2 Qxc1 0-1

[Event "Challenge"]
[Site "http://www.queenalice.com/game.php?id=656143"]
[Date "2009.9.22"]
[Round "-"]
[White "manucies"]
[Black "Nica_Pinica"]
[Result "1-0"]
[WhiteElo "1470"]
[BlackElo "1248"]

1. e4 Nf6 2. e5 Nd5 3. d4 e6 4. Bc4 Nb6 5. b3 Qh4 6. g3 Qe4+ 7. Be3 Qxh1 8. Ke2
Qxh2 9. Nf3 Qh3 10. Ng5 Qh5+ 11. f3 Qh2+ 12. Bf2 Nc6 13. Nc3 Be7 14. f4 O-O 15.
a4 f6 16. Nf3 Qg2 17. Bb5 Nb4 18. a5 N6d5 19. Nxd5 exd5 20. exf6 Bxf6 21. c3 Qh3
22. cxb4 Qe6+ 23. Be3 c6 24. Bd3 Re8 25. Ne5 Qh3 26. Bf2 Rxe5+ 27. fxe5 Qg4+ 28.
Kd2 Bg5+ 29. Kc3 Qh3 30. Qf3 b6 31. Rh1 Qe6 32. Bxh7+ Kh8 33. Qf8+ Qg8 34. Qxg8#
1-0

[Event "Challenge"]
[Site "http://www.queenalice.com/game.php?id=656144"]
[Date "2009.9.22"]
[Round "-"]
[White "PLQ"]
[Black "Nica_Pinica"]
[Result "0-1"]
[WhiteElo "1234"]
[BlackElo "1232"]

1. e4 Nf6 2. Bd3 e5 3. Nf3 Be7 4. O-O O-O 5. Be2 b6 6. d3 Bb7 7. Nxe5 d6 8. Nf3
Nc6 9. Be3 Nb4 10. Nc3 Nh5 11. a3 Na6 12. Nd5 c5 13. Nxe7+ Qxe7 14. c4 Bc6 15.
b3 b5 16. Qd2 Qe6 17. Ng5 Qe5 18. Bxh5 bxc4 19. dxc4 Rab8 20. Bd1 Bxe4 21. Be2
h6 22. Nxe4 Qxe4 23. Rab1 Rbe8 24. Bd3 Qg4 25. g3 Re5 26. Rfe1 Rh5 27. Qc2 Qh3
28. Bh7+ Kh8 29. f4 Qxh2+ 30. Kf1 Qh1+ 31. Ke2 Rh2+ 32. Kd3 Qf3 33. Qxh2 d5 34.
cxd5 Qxd5+ 35. Ke2 Re8 36. Rbd1 Rxe3+ 37. Kf1 Qf3+ 38. Kg1 Qxg3+ 39. Kh1 Rxe1+
40. Rxe1 Qxe1+ 41. Kg2 Qd2+ 42. Kg3 Qc3+ 43. Kg4 Qxb3 44. Bc2 Qe6+ 45. Kf3 Nb4
46. Be4 Qb3+ 47. Kg4 Qxa3 48. f5 Nd3 49. Qh5 Nf2+ 50. Kf4 Nh3+ 51. Ke5 Qc3+ 52.
Kd5 Nf4+ 53. Kd6 Nxh5 54. Ke7 Qe5+ 55. Kf8 Qxe4 56. Kxf7 Qxf5+ 57. Ke8 c4 58.
Kd8 c3 59. Kc7 c2 60. Kb7 c1=Q 61. Kxa7 Qa3+ 62. Kb6 Qe6+ 63. Kb5 Qea6# 0-1

[Event "Challenge"]
[Site "http://www.queenalice.com/game.php?id=664522"]
[Date "2009.10.8"]
[Round "-"]
[White "Nica_Pinica"]
[Black "mmarco"]
[Result "0-1"]
[WhiteElo "1241"]
[BlackElo "1525"]

1. Nf3 h5 2. e4 Nf6 3. Bc4 Nxe4 4. O-O d5 5. Bd3 Bg4 6. Na3 Qd6 7. Nb5 Qc5 8.
Ne5 Rh6 9. Be2 Rf6 10. d3 Rxf2 11. dxe4 Rxe2+ 12. Kh1 Rxe4 13. Nf3 Qxb5 14. Rg1
e6 15. Qd2 Nc6 16. Ng5 Rd4 17. Qf2 O-O-O 18. Nxf7 Re8 19. Ne5 Nxe5 20. Qxd4 Nf3
21. Qxa7 Nxg1 22. Qa8+ Kd7 23. Qa3 Bxa3 24. bxa3 Ne2 25. Bd2 Qb2 26. Re1 Qxc2
27. Rf1 Qxd2 28. Rf7+ Re7 29. Rf8 Qe1+ 0-1

[Event "Challenge"]
[Site "http://www.queenalice.com/game.php?id=670664"]
[Date "2009.10.22"]
[Round "-"]
[White "Nica_Pinica"]
[Black "manucies"]
[Result "0-1"]
[WhiteElo "1245"]
[BlackElo "1616"]

1. Nc3 e5 2. Nf3 Nc6 3. e3 d6 4. Nd5 Nf6 5. e4 Nxd5 6. exd5 Ne7 7. Bb5+ Bd7 8.
Qe2 Bxb5 9. Qxb5+ c6 10. Qxb7 cxd5 11. Qb5+ Qd7 12. Qa6 e4 13. Nd4 g6 14. O-O
Bg7 15. Nb5 O-O 16. d3 exd3 17. cxd3 Rfb8 18. Nd4 Bxd4 19. Bg5 Bxb2 20. Rab1 Nf5
21. Rxb2 Rxb2 22. Qa3 Rab8 23. Bc1 R2b5 24. Qa4 Qb7 25. Qf4 d4 26. Ba3 Rb1 27.
Bxd6 Rxf1+ 28. Kxf1 Qb1+ 29. Ke2 Rb2+ 30. Kf3 Qd1+ 31. Ke4 Qe2+ 32. Kd5 Qe6+ 33.
Kc6 Rc2+ 34. Kb7 Nxd6+ 35. Kxa7 Nc8+ 36. Kb7 Qb6+ 0-1

[Event "Challenge"]
[Site "http://www.queenalice.com/game.php?id=680109"]
[Date "2009.11.9"]
[Round "-"]
[White "Nica_Pinica"]
[Black "manucies"]
[Result "0-1"]
[WhiteElo "1243"]
[BlackElo "1608"]

1. Nc3 e5 2. Nf3 Nc6 3. e4 Nf6 4. Bc4 Bc5 5. Ng5 O-O 6. O-O d5 7. exd5 Ne7 8.
Nb5 a6 9. Qf3 axb5 10. Bxb5 Nexd5 11. c3 c6 12. c4 cxb5 13. cxd5 Qxd5 14. Qh3
Bxh3 15. Nxh3 Ne4 16. d3 Rad8 17. dxe4 Qd1 18. Bd2 Qxd2 19. a3 Qxb2 20. Rae1
Qxa3 21. Ng5 h6 22. Nf3 f6 23. Rb1 b4 24. Ne1 b3 25. g3 Qa2 26. Rc1 b6 27. Nd3
Rxd3 28. Kh1 Bxf2 29. Rc6 b2 30. Rxf2 b1=Q+ 31. Kg2 Qxf2+ 32. Kxf2 Qb2+ 33. Kg1
Rd1# 0-1

[Event "Challenge"]
[Site "http://www.queenalice.com/game.php?id=686645"]
[Date "2009.11.21"]
[Round "-"]
[White "rapini"]
[Black "Nica_Pinica"]
[Result "1-0"]
[WhiteElo "1100"]
[BlackElo "1250"]

1. d3 Nf6 2. Nc3 e5 3. Nf3 Bd6 4. e4 O-O 5. Nd5 Ng4 6. Nxe5 Nxe5 7. d4 Nc4 8.
Bxc4 Qh4 9. Qe2 a5 10. g3 Qh3 11. Ne7+ Bxe7 12. c3 Qg2 13. Qf1 Qxe4+ 14. Kd1
Qf3+ 15. Ke1 Nc6 16. Rg1 Qe4+ 17. Kd1 d6 18. f3 Qf5 19. g4 Qg6 20. Bd3 Qf6 21.
g5 Qe6 22. Qf2 a4 23. f4 Ra5 24. Qg2 a3 25. f5 Qd7 26. Qe4 d5 27. Qh4 Na7 28. f6
Qa4+ 29. Ke2 Qd7 30. Qxh7# 1-0

[Event "Challenge"]
[Site "http://www.queenalice.com/game.php?id=687010"]
[Date "2009.11.22"]
[Round "-"]
[White "Nica_Pinica"]
[Black "FENIX_RJ"]
[Result "1-0"]
[WhiteElo "1222"]
[BlackElo "1514"]

1. e3 e5 2. Nf3 Nc6 3. Bd3 Nf6 4. O-O Bd6 5. Nc3 Ng4 6. Ne4 Nd4 7. exd4 Qf6 8.
Nxf6+ gxf6 9. Nh4 O-O 10. Qxg4+ Kh8 11. Qf5 e4 12. Bxe4 1-0

[Event "Challenge"]
[Site "http://www.queenalice.com/game.php?id=687429"]
[Date "2009.11.23"]
[Round "-"]
[White "TomasJeferson"]
[Black "Nica_Pinica"]
[Result "1-0"]
[WhiteElo "1096"]
[BlackElo "1241"]

1. d4 d5 2. Nd2 Nc6 3. c3 Qd6 4. Ngf3 Nf6 5. g3 Bd7 6. Nb3 Ne4 7. Be3 Nxc3 8.
bxc3 O-O-O 9. Nc5 g6 10. Qb1 Na5 11. Bf4 Qc6 12. e3 Bf5 13. Qb4 b6 14. Ba6+ Kb8
15. Ne5 Qd6 16. Qb5 Be4 17. O-O h6 18. Ned7+ Rxd7 19. Nxd7+ Ka8 20. Bxd6 exd6
21. Bc8 Be7 22. Qa6 Nc6 23. Qb7# 1-0

[Event "Challenge"]
[Site "http://www.queenalice.com/game.php?id=687430"]
[Date "2009.11.23"]
[Round "-"]
[White "Nica_Pinica"]
[Black "TomasJeferson"]
[Result "0-1"]
[WhiteElo "1239"]
[BlackElo "1212"]

1. Nc3 Nf6 2. Nf3 a5 3. e4 d6 4. Bb5+ Bd7 5. O-O c6 6. Ba4 b5 7. Qe2 bxa4 8.
Nxa4 c5 9. e5 dxe5 10. Qxe5 e6 11. Nxc5 a4 12. Nb7 Qb6 13. Nd4 Qxb7 14. b3 axb3
15. cxb3 Be7 16. Qg5 O-O 17. d3 h6 18. Qh4 g5 19. Bxg5 hxg5 20. Qxg5+ Kh8 21.
Qh6+ Nh7 22. Rae1 Rg8 23. Nf3 Qxf3 24. Re3 Qxg2# 0-1

[Event "Brasil & Spain"]
[Site "http://www.queenalice.com/game.php?id=688514"]
[Date "2009.11.25"]
[Round "-"]
[White "Nica_Pinica"]
[Black "manucies"]
[Result "0-1"]
[WhiteElo "1250"]
[BlackElo "1623"]

1. e4 e5 2. Nc3 Bb4 3. Na4 b5 4. Bxb5 c6 5. Qe2 cxb5 6. Qxb5 Qa5 7. Qc4 Ne7 8.
Ne2 O-O 9. c3 Qxa4 10. O-O Ba6 11. Qc7 Bxe2 12. Qb7 Bxf1 13. b3 Qa6 14. Qxa8
Nbc6 15. Qxf8+ Kxf8 16. cxb4 Nxb4 17. Bb2 Bd3 18. Bc3 Nc2 19. Rd1 Nd4 20. Bb4
Qxa2 21. Bc5 Qxb3 22. Rc1 Ne2+ 0-1

[Event "Challenge"]
[Site "http://www.queenalice.com/game.php?id=688520"]
[Date "2009.11.25"]
[Round "-"]
[White "Nica_Pinica"]
[Black "Acuario_72"]
[Result "0-1"]
[WhiteElo "1243"]
[BlackElo "1669"]

1. Nf3 g6 2. e3 Bg7 3. Bc4 e6 4. Nc3 Ne7 5. O-O d5 6. Bb3 Nbc6 7. Ng5 Nf5 8. Qf3
O-O 9. Qh3 Qxg5 10. d3 Qf6 11. Ne2 Nb4 12. a3 Na6 13. Bd2 e5 14. Bxd5 Nd6 15.
Qg4 Bxg4 16. Ng3 h5 17. Rae1 c6 18. Ne4 Nxe4 19. Bxe4 Nc5 20. Bb4 Nxe4 21. dxe4
Rfd8 22. a4 b6 23. f3 Be6 24. f4 exf4 25. Rxf4 Qxb2 26. Be7 Rd2 27. Rff1 Qxc2
28. Bh4 Rxg2+ 29. Kh1 Rxh2+ 30. Kg1 Qg2# 0-1

[Event "Challenge"]
[Site "http://www.queenalice.com/game.php?id=690605"]
[Date "2009.11.29"]
[Round "-"]
[White "bumpywater"]
[Black "Nica_Pinica"]
[Result "1-0"]
[WhiteElo "1650"]
[BlackElo "1241"]

1. e4 Nf6 2. e5 Nd5 3. Bc4 Nb4 4. a3 N4c6 5. d4 d5 6. exd6 Qxd6 7. Qf3 Nxd4 8.
Qxf7+ Kd7 9. Bd3 Qe5+ 10. Be3 Qa5+ 11. Nc3 Nbc6 12. Bxd4 Nxd4 13. O-O-O Qg5+ 14.
Kb1 Kc6 15. Qc4+ Kd6 16. Qxd4+ Ke6 17. Re1+ Kf7 18. Nf3 Qh6 19. Rd1 Bd7 20. Qxd7
Kg8 21. Bc4+ e6 22. Bxe6+ Qxe6 23. Qxe6# 1-0

[Event "Challenge"]
[Site "http://www.queenalice.com/game.php?id=691167"]
[Date "2009.12.1"]
[Round "-"]
[White "bruhno"]
[Black "Nica_Pinica"]
[Result "0-1"]
[WhiteElo "1241"]
[BlackElo "1279"]

1. e4 e5 2. Nf3 f6 3. d4 Bb4+ 4. c3 Ba5 5. b4 Bb6 6. c4 c6 7. c5 Bc7 8. Be2 Ne7
9. O-O Na6 10. Bxa6 bxa6 11. dxe5 fxe5 12. Bg5 d5 13. exd5 cxd5 14. Bxe7 Qxe7
15. Qxd5 Be6 16. Qxa8+ Bd8 17. Nxe5 Qc7 18. f4 O-O 19. Nd2 Be7 20. Qe4 Bxc5+ 21.
bxc5 Qxc5+ 22. Rf2 Bd5 23. Qd3 Rxf4 24. Rf1 Rd4 25. Qf5 Rxd2 0-1

[Event "Challenge"]
[Site "http://www.queenalice.com/game.php?id=691169"]
[Date "2009.12.1"]
[Round "-"]
[White "Nica_Pinica"]
[Black "bruhno"]
[Result "1-0"]
[WhiteElo "1263"]
[BlackElo "1257"]

1. Nc3 e5 2. e4 a6 3. Bd3 Nc6 4. Nge2 Bb4 5. Nd5 Bc5 6. Ng3 Nf6 7. O-O O-O 8.
Ne3 Bxe3 9. dxe3 d6 10. Bd2 Qe7 11. Nh5 Nxh5 12. Qxh5 Qe6 13. a4 g6 14. Qh6 Bd7
15. Ra3 b6 16. b3 Qe7 17. b4 a5 18. Bb5 axb4 19. Rb3 f6 20. Bc4+ Kh8 21. f4 Qg7
22. Qh4 Rxa4 23. Bb5 1-0

[Event "Linda Nica_Pinica"]
[Site "http://www.queenalice.com/game.php?id=695385"]
[Date "2009.12.9"]
[Round "-"]
[White "Nica_Pinica"]
[Black "grandedani"]
[Result "0-1"]
[WhiteElo "1263"]
[BlackElo "1057"]

1. d4 d5 2. Nc3 Nf6 3. Bf4 e6 4. Qd3 Bb4 5. O-O-O O-O 6. Qb5 Bxc3 7. b3 a6 8.
Qa4 b5 9. Qb4 Bxb4 10. Nf3 c5 11. Ne5 c4 12. Nf3 h6 13. e3 Nc6 14. h3 cxb3 15.
axb3 Ba3+ 16. Kd2 Qa5+ 17. c3 Ne4+ 18. Ke1 Qxc3+ 19. Nd2 Nxd2 20. Rxd2 Bc1 21.
Bd3 Qxd2+ 0-1

[Event "Challenge"]
[Site "http://www.queenalice.com/game.php?id=697873"]
[Date "2009.12.14"]
[Round "-"]
[White "TomasJeferson"]
[Black "Nica_Pinica"]
[Result "0-1"]
[WhiteElo "1311"]
[BlackElo "1248"]

1. c4 Nc6 2. Nc3 d6 3. Nf3 Be6 4. Qc2 Bxc4 5. b3 Ba6 6. Ng5 Qd7 7. e3 O-O-O 8.
Nxf7 Nb4 9. Qe4 c5 10. Nxh8 Qc7 11. Qe6+ Rd7 0-1

[Event "Challenge"]
[Site "http://www.queenalice.com/game.php?id=701717"]
[Date "2009.12.22"]
[Round "-"]
[White "Edgard1995"]
[Black "Nica_Pinica"]
[Result "1-0"]
[WhiteElo "1646"]
[BlackElo "1267"]

1. e4 Nc6 2. Bc4 Nf6 3. Nc3 e6 4. Nf3 Bd6 5. Bb5 Na5 6. e5 O-O 7. exd6 cxd6 8.
d3 Qb6 9. O-O d5 10. Bg5 Ng4 11. h3 a6 12. Ba4 Qxb2 13. Ne2 f6 14. Bh4 Qa3 15.
Bb3 Nh6 16. c3 1-0

[Event "Challenge"]
[Site "http://www.queenalice.com/game.php?id=717650"]
[Date "2010.1.21"]
[Round "-"]
[White "neofito"]
[Black "Nica_Pinica"]
[Result "0-1"]
[WhiteElo "1699"]
[BlackElo "1293"]

1. e4 d6 2. Nf3 Be6 3. d4 Nc6 4. d5 Qc8 5. dxc6 b6 6. Bd3 d5 7. exd5 Bxd5 8. Bb5
Qe6+ 9. Be3 Qe4 10. Nc3 Qf5 11. Nxd5 O-O-O 12. O-O Rxd5 0-1